Loading...
| Literature - British | 2 | 8 | 0 | 0 | 110 | 24 | 98.60 | 2 | 6 | 24.78 | 52.75 |
| Beliefs | 0 | 10 | 0 | 2 | 100 | 80 | 113.50 | 0 | 2 | 8.95 | 22.58 |
| Philosophy | 0 | 8 | 1 | 4 | 75 | 104 | 125.63 | 0 | 1 | 3.24 | 19.78 |
| Literature - World | 1 | 5 | 0 | 0 | 65 | 67 | 112.50 | 0 | 1 | 11.06 | 26.29 |
| Literature - European | 2 | 3 | 1 | 1 | 55 | 55 | 99.20 | 0 | 1 | 12.06 | 19.58 |
| Social Science | 1 | 5 | 2 | 0 | 55 | 55 | 104.17 | 1 | 2 | 5.42 | 17.23 |
| Fine Arts - Other Arts | 1 | 3 | 0 | 1 | 45 | 59 | 122.00 | 0 | 2 | 5.40 | 15.78 |
| History - European | 0 | 4 | 1 | 0 | 35 | 79 | 111.00 | 0 | 3 | 5.88 | 17.95 |
| Literature - American | 0 | 4 | 1 | 0 | 35 | 92 | 105.75 | 0 | 2 | 7.42 | 18.97 |
| Fine Arts - Classical Music and Opera | 0 | 4 | 1 | 0 | 35 | 109 | 121.00 | 0 | 0 | 2.66 | 7.17 |
| History - World | 0 | 4 | 1 | 1 | 35 | 93 | 104.25 | 1 | 1 | 5.81 | 17.90 |
| Visual Arts | 0 | 4 | 2 | 0 | 30 | 99 | 129.00 | 0 | 1 | 3.65 | 14.62 |
| Modern World | 0 | 3 | 0 | 2 | 30 | 91 | 118.67 | 0 | 0 | 6.88 | 11.40 |
| Science - Biology | 0 | 3 | 1 | 2 | 25 | 122 | 126.33 | 0 | 0 | 0.53 | 6.08 |
| History - American | 0 | 2 | 1 | 1 | 15 | 123 | 124.50 | 0 | 0 | 0.47 | 6.41 |
| Other Academic | 0 | 1 | 0 | 0 | 10 | 92 | 92.00 | 0 | 0 | 4.78 | 6.94 |
| History - Ancient | 0 | 1 | 0 | 0 | 10 | 119 | 119.00 | 0 | 1 | 1.99 | 9.09 |
| Science - Other | 0 | 1 | 0 | 0 | 10 | 91 | 91.00 | 0 | 0 | 1.67 | 2.94 |
| History - Other | 0 | 1 | 0 | 1 | 10 | 131 | 131.00 | 0 | 0 | 0.19 | 2.08 |